Verbose Movie Titles III Quiz Stats

Quiz Updated Jan 17, 2017

Challenge
Share
Tweet
Embed
Score 0/20 Timer 10:00
2 Plays Today
Verbose Title Movie % Correct
Two Offspring Produced in the Same PregnancyTwins
92%
Exhibiting Fair Hair Permitted by LawLegally Blonde
70.4%
The Carcinogenic Activity in Which You Are Participating Is AppreciatedThank You For Smoking
64.1%
Musician Playing a Bowed Instrument Atop the Protective Covering That Forms the Upper Extreme of a BuildingFiddler on the Roof
62%
The Noble Warrior Deficient in BrightnessThe Dark Knight
61%
The Constant That Represents the Ratio of the Circumference of a Circle to Its DiameterPi
58.7%
The Large Amorphous GlobuleThe Blob
56.9%
Brought Into Existence at a Time That Coincides with the Annual Celebration Commemorating the Declaration of American Independence from Great BritainBorn on the Fourth of July
55.4%
Mandible and MaxillaJaws
49.6%
Woman of High Social Position Together With the VagabondLady and the Tramp
48%
Verbose Title Movie % Correct
Beginning at the Current Location and Continuing ForeverFrom Here to Eternity
41.3%
Projectiles Propelled by a Firearm in a Higher Position Than the District Renowned for Its Theatrical PerformancesBullets Over Broadway
38.8%
Which People Are Filled with Apprehension by a Notable English Literary Figure?Who's Afraid of Virginia Woolf?
38.7%
Avoid Communicating to the Matriarch of the Family Any Information Regarding the Biological Termination of the Temporary Parental SubstituteDon't Tell Mom The Babysitter's Dead
36.2%
Similar to the Effect that the Chemical Compound Composed of Hydrogen and Oxygen Has on the Edible Substance Derived From Ground Cacao BeansLike Water for Chocolate
25%
Feeling of Personal Worth Paired With Partiality That Prevents Objective ConsiderationPride and Prejudice
24.6%
Tool Employed by Applying Force for the Purpose of Causing Fatal DamageLethal Weapon
21.1%
The Orbital Period of the Earth Around the Sun Distinguished by Behaviour of a Perilous MannerThe Year of Living Dangerously
21.1%
Amount of Money Paid in Compensation for a Particular Loss Equal to Twice the Normal BenefitDouble Indemnity
20%
Person Holding a Position of Authority United With a Synonymous Individual: The Sector of Mankind's Home Planet Located at a Great Distance From HereMaster and Commander: The Far Side of the World
7.4%

You're not logged in!

Compare scores with friends on all Sporcle quizzes.
Join for Free
OR
Log In

You Might Also Like...

Show Comments

Extras

Top Quizzes Today


Score Distribution

Your Account Isn't Verified!

In order to create a playlist on Sporcle, you need to verify the email address you used during registration. Go to your Sporcle Settings to finish the process.

Report this User

Report this user for behavior that violates our Community Guidelines.

Details: